00998nam a22001937i 4500003000900000005001700009007000300026008004100029040003000070082001400100245011400114264003500228300002700263336002700290337003300317338002800350490005800378505036800436DO-SdBNP20230615134404.0ta230601b2003 sp ||||| |||| 00| 0 spa d aDO-SdBNPbspacBNPHUerda 4bS218n22213aNormas sobre impuestos y promoción de la filantropía :bmódulo pedagógico /cCarlos Sandoval Peralta 4aSanto Domingo :bINTEC,c2003. a84 páginas ;c29 cm. 2rdacontentatextobtxt 2rdamediaasin mediaciónbn 2rdacarrieravolumenbnc aColección sociedad civil. Serie capacitación ;x3 aConceptos útiles en relación con la sociedad civil 6|Estructura y características de un sistema tributario 18|La normativa tributaria y el apoyo a la filantropía en República Dominicana y otros países de América Latina 32|Propuestas para modificar la normativa tributaria dominicana a fin de lograr un mayor apoyo a la cultura de la filantropía 50